Las bases físicas y químicas de la herencia /
Guardado en:
| Autor Principal: | |
|---|---|
| Formato: | Libro |
| Publicado: |
Buenos Aires :
Eudeba,
1961
|
| Edición: | 3a. ed. |
| Materias: | |
| Etiquetas: |
Agregar Etiqueta
Sin Etiquetas, Sea el primero en etiquetar este registro!
|
| LEADER | 00590nam a22002175a 4500 | ||
|---|---|---|---|
| 001 | CEM.cems015716 | ||
| 008 | 130507s1961##################000#0#####d | ||
| 005 | 20210810184958.0 | ||
| 003 | CEMS | ||
| 245 | 1 | 0 | |a Las bases físicas y químicas de la herencia / |c George W. Beadle, |
| 250 | |a 3a. ed. | ||
| 260 | |a Buenos Aires : |b Eudeba, |c 1961 | ||
| 300 | |a 59 p. | ||
| 100 | 1 | |a Beadle, George W | |
| 082 | 0 | 4 | |a 575.1 |
| 653 | |a Adn | ||
| 653 | |a Genética | ||
| 653 | |a Herencia | ||
| 653 | |a Hemofilia | ||
| 653 | |a Herencia cultural | ||
| 859 | |a CEMS |b BIB. CEMS - Agricultura |h 575.1 |i B385a3 |p A6552.78 |t Ej.1 | ||
